Pokémon - Les attaques de Fantominus - Statistiques

Statistiques générales
  • Ce quiz a été pris 15 fois
  • Le résultat moyen est 10 sur 14
Statistiques - réponses
Niveaux Types Noms des attaques % Correct
Départ Spectre Léchouille
100%
Niveau 40 Spectre Ball'Ombre
91%
Niveau 4 Psy Hypnose
91%
Niveau 16 Spectre Dépit
82%
Niveau 48 Psy Dévorêve
82%
Niveau 20 Spectre Malédiction
82%
Départ Spectre Onde Folie
73%
Niveau 36 Ténèbres Vibrobscur
64%
Niveau 24 Spectre Châtiment
55%
Niveau 32 Ténèbres Coup Bas
55%
Niveau 28 Spectre Ombre Nocturne
55%
Niveau 8 Normal Regard Noir
55%
Niveau 44 Spectre Lien du Destin
45%
Niveau 12 Ténèbres Représailles
45%
Aucun quiz correspondant
Distribution des résultats
% des personnes avec chaque résultat
Percentile par nombre de réponses
Votre historique - résultats
Vous n’avez pas pris ce quiz